000 00316nam a2200145Ia 4500
008 200615s9999||||xx |||||||||||||| ||und||
020 _a9788120309616
082 _a650
_bMAR-T
100 _aTULL,DONALD S.
245 0 _aMARKETING RESEARCH
250 _a6TH
260 _bPHI
_c1993
300 _a350
942 _cBK
999 _c27675
_d27675